| 000 | 00410nam a2200193Ia 4500 | ||
|---|---|---|---|
| 008 | 210210b1848 xxu||||| |||| 00| 0 eng d | ||
| 041 | _aeng | ||
| 082 | _a822/851 | ||
| 100 | _aMILTON (J) | ||
| 245 | _aProse works Vol I | ||
| 260 |
_aLondon _bHenry G Bohn _c1848 |
||
| 440 | _aI | ||
| 650 | _aworks | ||
| 650 | _aVol | ||
| 650 | _aProse | ||
| 650 | _aI | ||
| 690 | _aEnglish Prose | ||
| 906 | _a013035 | ||
| 999 |
_c131869 _d131869 |
||